ბათუმის შოთა რუსთაველის სახელმწიფო უნივერსიტეტის ბიბლიოთეკა

თხზულებანი:ოთხ ტომად. ტ.4. კეცხოველი (ბიბ.ჩანაწერი № 51043)

000 -LEADER
fixed length control field 00802nam a2200229Ia 4500
001 - CONTROL NUMBER
control field 18000
003 - CONTROL NUMBER IDENTIFIER
control field GE_BSU
008 - FIXED-LENGTH DATA ELEMENTS--GENERAL INFORMATION
fixed length control field 181216s||||||||xx |||||||||||||| ||und||
040 ## - CATALOGING SOURCE
Transcribing agency GE_BSU
080 ## - UNIVERSAL DECIMAL CLASSIFICATION NUMBER
Universal Decimal Classification number 821.353.1 + 821.353.1-31
100 ## - MAIN ENTRY--PERSONAL NAME
Personal name ლისაშვილი,იაკინთე
245 ## - TITLE STATEMENT
Title თხზულებანი:ოთხ ტომად. ტ.4. კეცხოველი
245 ## - TITLE STATEMENT
Remainder of title თხზულებანი:რომანი
245 ## - TITLE STATEMENT
Statement of responsibility, etc. რედ:ილ.ხოშტარია;
260 ## - PUBLICATION, DISTRIBUTION, ETC.
Place of publication, distribution, etc. თბილისი
260 ## - PUBLICATION, DISTRIBUTION, ETC.
Name of publisher, distributor, etc. საბჭოთა საქართველო
260 ## - PUBLICATION, DISTRIBUTION, ETC.
Date of publication, distribution, etc. 1963
300 ## - PHYSICAL DESCRIPTION
Extent 526გვ.21სმ.
653 ## - INDEX TERM--UNCONTROLLED
Uncontrolled term თხზულებანი:რომანი
653 ## - INDEX TERM--UNCONTROLLED
Uncontrolled term კეცხოველი
942 ## - ADDED ENTRY ELEMENTS (KOHA)
Koha item type წიგნი
ეგზემპლარები
Withdrawn status Lost status Damaged status Not for loan Date acquired Barcode Date last seen Price effective from Koha item type
        2018-12-17 41471 2018-12-17 2018-12-17 წიგნი
        2018-12-17 41470 2018-12-17 2018-12-17 წიგნი